[Event "SR 3. liga A2 2007/2008"]
[Site "?"]
[Date "2008.03.16"]
[Round "10"]
[White "Hrubos, Milan"]
[Black "Gajarsky, Julius"]
[Result "1/2-1/2"]
[WhiteElo "1726"]
[BlackElo "1820"]
[PlyCount "132"]
[EventDate "2007.??.??"]

1. e4 c5 2. Nf3 Nc6 3. d4 cxd4 4. Nxd4 Nf6 5. Nc3 e5 6. Ndb5 d6 7. a4 a6 8. Na3
Be6 9. Bg5 Be7 10. Bxf6 Bxf6 11. Nd5 Bxd5 12. Qxd5 Qa5+ 13. Qxa5 Nxa5 14. Bd3
O-O 15. O-O Rfc8 16. b4 Nc6 17. Nc4 Rd8 18. Nb6 Rab8 19. Rab1 Nd4 20. c4 Ne6
21. g3 Bg5 22. Rfd1 h5 23. h4 Be7 24. Bf1 Nd4 25. Kg2 Kh7 26. b5 a5 27. Nd5 Bf8
28. b6 Kh6 29. Nc7 Rdc8 30. Rb2 Be7 31. Rc1 Bd8 32. Nd5 Rc6 33. Rc3 Kg6 34. f4
f6 35. f5+ Kh6 36. Kh3 Rbc8 37. g4 hxg4+ 38. Kxg4 Rc5 39. h5 R5c6 40. Kh4 Kh7
41. Rg2 Bxb6 42. Rcg3 R8c7 43. Nxc7 Rxc7 44. h6 Kxh6 45. Rh2 Kh7 46. Kg4+ Kg8
47. Bd3 Bc5 48. Rgh3 b6 49. Kg3 Bb4 50. Kf2 Bc5 51. Ke1 Bb4+ 52. Kd1 Bc5 53.
Be2 Nxe2 54. Rxe2 Bd4 55. Rc2 Bc5 56. Rh5 Kf7 57. Ke2 Bd4 58. Kd3 Kg8 59. Rch2
Bc5 60. Rh8+ Kf7 61. R2h7 Bf2 62. Rh2 Bc5 63. R8h7 Bb4 64. Rg2 Kg8 65. Rh3 Kf7
66. Rh7 Kg8 1/2-1/2

[Event "SR 3. liga A2 2007/2008"]
[Site "?"]
[Date "2008.03.16"]
[Round "10"]
[White "Kozinka, Jan"]
[Black "Husek, Lubomir"]
[Result "0-1"]
[WhiteElo "1766"]
[BlackElo "1600"]
[PlyCount "198"]
[EventDate "2007.??.??"]

1. e4 c5 2. Nf3 d6 3. Be2 Nf6 4. d3 e6 5. O-O Be7 6. Be3 Nc6 7. h3 Bd7 8. c4
O-O 9. Nc3 a6 10. a3 Rb8 11. Rb1 Qa5 12. Bd2 Qc7 13. Re1 h6 14. Na2 b5 15. b3
b4 16. axb4 cxb4 17. Qc2 Rfc8 18. Rbc1 a5 19. d4 Qb7 20. Bd3 e5 21. dxe5 dxe5
22. Be3 Qc7 23. Qb2 Rd8 24. Rcd1 Be6 25. Bc2 Nd7 26. Nc1 Nc5 27. Nd2 Rd7 28.
Kh1 Rbd8 29. Nf3 Rxd1 30. Rxd1 Rxd1+ 31. Bxd1 Nxe4 32. Bc2 Nc5 33. Nd3 Nxd3 34.
Bxd3 f5 35. Bc2 Bf6 36. Qc1 e4 37. Ng1 Nd4 38. Bd1 Be5 39. g3 g5 40. Qd2 Qd6
41. Bxd4 Qxd4 42. Qxd4 Bxd4 43. Kg2 Kf7 44. Kf1 Ke7 45. Ne2 Bb6 46. Nc1 Kd6 47.
Bc2 Ke5 48. Kg2 f4 49. f3 exf3+ 50. Kxf3 Bxh3 51. gxf4+ gxf4 52. Nd3+ Kd4 53.
Nxf4 Kc3 54. Bd1 Kd2 55. Be2 Bf5 56. c5 Bxc5 57. Bc4 Bc2 58. Kg4 Be3 59. Nd5
Bg5 60. Kf3 Kc1 61. Nb6 Kb2 62. Na4+ Ka3 63. Nc5 Be7 64. Nb7 a4 65. bxa4 Kxa4
66. Bd5 Kb5 67. Ke3 Kb6 68. Kd2 Bf5 69. Kc1 Bc8 70. Bf3 Bxb7 71. Bh5 Be4 72.
Kb2 Kc5 73. Kb3 Bd5+ 74. Kb2 Bf6+ 75. Kb1 Kc4 76. Be2+ Kc3 77. Bd1 Be4+ 78. Ka2
Bc2 79. Bxc2 h5 80. Bf5 b3+ 81. Kb1 b2 82. Bh3 Kd3 83. Bf5+ Ke3 84. Kc2 Kf3 85.
Kd2 Kg2 86. Ke2 h4 87. Be4+ Kg3 88. Kf1 Bd4 89. Ke2 h3 90. Kd1 Kf2 91. Kc2 h2
92. Kb1 Kg1 93. Kc2 h1=Q 94. Bxh1 Kxh1 95. Kb1 Kg1 96. Kc2 Kf2 97. Kd2 Bh8 98.
Kc2 Ke2 99. Kb1 Kd2 0-1

[Event "SR 3. liga A2 2007/2008"]
[Site "?"]
[Date "2008.03.16"]
[Round "10"]
[White "Zlamal, Marek"]
[Black "Petko, Severin"]
[Result "1-0"]
[WhiteElo "1480"]
[BlackElo "1563"]
[PlyCount "113"]
[EventDate "2007.??.??"]

1. e4 c5 2. c4 d6 3. Nc3 Nf6 4. d3 g6 5. Nge2 Bg7 6. g3 Nc6 7. Bg2 Bg4 8. Qc2
O-O 9. O-O Nb4 10. Qd2 Nd7 11. a3 Nc6 12. f3 Be6 13. f4 Bg4 14. Rb1 Nd4 15.
Nxd4 Bxd4+ 16. Kh1 Nb6 17. f5 e6 18. h3 Bh5 19. fxe6 fxe6 20. Rxf8+ Qxf8 21. g4
Bxg4 22. hxg4 Qe7 23. Qh6 Rf8 24. Bg5 Qe8 25. Bf4 Bg7 26. Qh2 e5 27. Be3 Qd7
28. Qh3 Nc8 29. Rf1 Qe7 30. Nd5 Qd8 31. Rxf8+ Qxf8 32. Qf3 Qd8 33. Bd2 b6 34.
Bh3 Qh4 35. Kg2 Ne7 36. Qg3 Qxg3+ 37. Kxg3 Nxd5 38. cxd5 h6 39. Kf3 Kf7 40. g5
h5 41. Ke2 Bf8 42. Be1 Be7 43. Bh4 Kf8 44. Kd2 a5 45. Bd7 Bd8 46. Be6 b5 47. b3
Ke8 48. a4 bxa4 49. bxa4 Kf8 50. Kc3 Ke7 51. Kc4 Bb6 52. Kb5 Bc7 53. Be1 Kf8
54. Bxa5 Bxa5 55. Kxa5 Ke7 56. Kb6 Kd8 57. a5 1-0

[Event "SR 3. liga A2 2007/2008"]
[Site "?"]
[Date "2008.03.16"]
[Round "10"]
[White "Pagerka, Martin"]
[Black "Kubis, Ivan"]
[Result "0-1"]
[WhiteElo "2099"]
[BlackElo "2018"]
[PlyCount "144"]
[EventDate "2007.??.??"]

1. e4 e5 2. Nf3 Nc6 3. Bb5 a6 4. Ba4 Nf6 5. O-O b5 6. Bb3 Be7 7. Bd5 Nxd5 8.
exd5 Nb4 9. Nxe5 O-O 10. Nc3 Bb7 11. Re1 d6 12. Ng4 f5 13. a3 Nxd5 14. Ne3 Nxe3
15. dxe3 Qd7 16. Ne2 Rae8 17. Qd3 Rf6 18. b3 Rg6 19. Nf4 Qc6 20. Qf1 Rh6 21. c4
Bf6 22. Rb1 Qe4 23. Bb2 g5 24. Bxf6 gxf4 25. f3 Qc6 26. cxb5 axb5 27. Rbc1 Qb6
28. Bd4 c5 29. Bb2 fxe3 30. Qd3 f4 31. a4 Rg6 32. Kh1 b4 33. Qc4+ Ree6 34. Qxf4
e2 35. Qf5 Qc6 36. Rc2 Qd5 37. Qf4 Qd1 38. Rc1 Qxb3 39. Ba1 Re3 40. h4 Bxf3 41.
Rxc5 Bxg2+ 42. Kg1 Bc6+ 43. Rg5 Rg3+ 44. Qxg3 Qxg3+ 45. Rxg3 Rxg3+ 46. Kf2 Rg2+
47. Ke3 Bxa4 48. Rxe2 Rxe2+ 49. Kxe2 Kf7 50. Kd3 Bb5+ 51. Kd4 Ke6 52. Bb2 Be2
53. Bc1 b3 54. Kc3 Bd1 55. Kd4 Kf5 56. Kd5 Bf3+ 57. Kxd6 Ke4 58. Ke6 Kd3 59.
Bb2 Kc2 60. Bd4 b2 61. Bxb2 Kxb2 62. Kf6 h5 63. Kf5 Kc3 64. Kf4 Bd1 65. Ke3 Kc4
66. Ke4 Bc2+ 67. Kf4 Kd4 68. Kf3 Bd1+ 69. Kg3 Ke3 70. Kg2 Kf4 71. Kh3 Bf3 72.
Kh2 Kg4 0-1

[Event "SR 3. liga A2 2007/2008"]
[Site "?"]
[Date "2008.03.16"]
[Round "10"]
[White "Pagac, Robert"]
[Black "Diviak, Rastislav"]
[Result "1/2-1/2"]
[WhiteElo "1804"]
[BlackElo "2014"]
[PlyCount "29"]
[EventDate "2007.??.??"]

1. e4 c5 2. Nf3 d6 3. d4 cxd4 4. Nxd4 Nf6 5. Nc3 a6 6. Bd3 e6 7. O-O Be7 8. Re1
Nbd7 9. Nf3 O-O 10. Bg5 b5 11. e5 dxe5 12. Nxe5 Nxe5 13. Rxe5 Bb7 14. Re3 g6
15. Qe2 $11 1/2-1/2

[Event "SR 3. liga A2 2007/2008"]
[Site "?"]
[Date "2008.03.16"]
[Round "10"]
[White "Pericka, Tomas"]
[Black "Hrubsa, Marian"]
[Result "1/2-1/2"]
[WhiteElo "1895"]
[BlackElo "1719"]
[PlyCount "68"]
[EventDate "2007.??.??"]

1. e4 e6 2. d4 d5 3. Nc3 Nf6 4. Bg5 Be7 5. e5 Nfd7 6. Bxe7 Qxe7 7. Bd3 a6 8.
Nce2 c5 9. c3 Nc6 10. Nf3 cxd4 11. cxd4 Qb4+ 12. Qd2 b5 13. Rc1 Bb7 14. O-O
Qxd2 15. Nxd2 O-O 16. Nb3 Rac8 17. a3 h6 18. Rc2 f6 19. f4 f5 20. Rfc1 Kf7 21.
Kf2 Rg8 22. Ke3 g5 $11 23. Nc5 Nxc5 24. Rxc5 Ke7 25. g3 Kd7 26. R1c2 Na5 27.
Rxc8 Rxc8 28. Rxc8 Bxc8 29. h3 Nc4+ 30. Bxc4 dxc4 31. g4 Bb7 32. gxf5 exf5 33.
Kf2 Ke6 34. Nc3 Bc6 $11 1/2-1/2

[Event "SR 3. liga A2 2007/2008"]
[Site "?"]
[Date "2008.03.16"]
[Round "10"]
[White "Brisudova, Veronika"]
[Black "Hanzluvka, Peter"]
[Result "1-0"]
[WhiteElo "1751"]
[BlackElo "2052"]
[PlyCount "45"]
[EventDate "2007.??.??"]

1. e4 c5 2. Nf3 d6 3. d4 cxd4 4. Nxd4 Nf6 5. Nc3 a6 6. Be3 e6 7. Be2 Be7 8. O-O
Qc7 9. Qd2 Nbd7 10. f4 Nc5 11. Bf3 O-O 12. Kh1 Rb8 13. a3 b5 14. b4 e5 15. fxe5
dxe5 16. bxc5 Rd8 17. Nd5 Nxd5 18. exd5 exd4 19. Bf4 Qa7 20. Bxb8 Qxb8 21. d6
Bf6 22. Rae1 g6 23. Bd5 1-0

[Event "SR 3. liga A2 2007/2008"]
[Site "?"]
[Date "2008.03.16"]
[Round "10"]
[White "Karlik, L."]
[Black "Leska, Marian"]
[Result "1-0"]
[WhiteElo "1839"]
[BlackElo "1664"]
[PlyCount "53"]
[EventDate "2007.??.??"]

1. d4 d5 2. Nf3 e6 3. Bf4 c5 4. e3 Nc6 5. c3 Nf6 6. Bd3 cxd4 7. exd4 Be7 8. O-O
O-O 9. Re1 a6 10. Qc2 Bd7 11. Ne5 Rc8 12. Nxc6 Bxc6 13. Re3 Re8 14. Nd2 Qb6 15.
Nf3 Bb5 16. Bxb5 Qxb5 17. Rae1 Nd7 18. Ng5 Bxg5 19. Bxg5 Nf8 20. h4 g6 21. h5
Nd7 22. hxg6 hxg6 23. Rh3 Kg7 24. Bh6+ Kf6 25. Qd2 Ke7 26. Qg5+ Kd6 27. Qf4+
1-0

[Event "SR 3. liga A2 2007/2008"]
[Site "?"]
[Date "2008.03.16"]
[Round "10"]
[White "Harastova, Viera"]
[Black "Cajka, Tibor"]
[Result "1/2-1/2"]
[WhiteElo "1650"]
[BlackElo "1830"]
[PlyCount "64"]
[EventDate "2007.??.??"]

1. d4 Nf6 2. c4 g6 3. Nc3 d5 4. Nf3 Bg7 5. e3 O-O 6. Bd3 Re8 7. O-O Bg4 8. h3
Bxf3 9. Qxf3 c6 10. cxd5 cxd5 11. Bb5 Nc6 12. Bxc6 bxc6 13. Bd2 e5 14. dxe5
Rxe5 15. Rab1 Rb8 16. b3 c5 17. Rfd1 d4 18. exd4 cxd4 19. Bf4 Rc5 20. Na4 Rf5
21. g4 Rxf4 22. Qxf4 Nd5 23. Qf3 Nb4 24. a3 Nd5 25. Rd3 Be5 26. Qe4 Qd6 27. b4
Nf4 28. Rf3 d3 29. Nc5 Ne2+ 30. Kg2 Nc3 31. Qxd3 Nxb1 32. Qb3 Qe7 1/2-1/2

[Event "SR 3. liga A2 2007/2008"]
[Site "?"]
[Date "2008.03.16"]
[Round "10"]
[White "Danada, Ondrej"]
[Black "Danihel, Jozef"]
[Result "1-0"]
[WhiteElo "1752"]
[BlackElo "1602"]
[PlyCount "37"]
[EventDate "2007.??.??"]

1. e4 e5 2. Nf3 Nc6 3. d4 exd4 4. Bc4 d5 5. exd5 Qe7+ 6. Qe2 Qxe2+ 7. Bxe2 Nb4
8. Nxd4 Bc5 9. a3 Nxd5 10. Nb3 Bd6 11. Bf3 c6 12. O-O Nge7 13. Re1 O-O 14. c4
Nf4 15. Bxf4 Bxf4 16. Rxe7 Be6 17. Rxb7 Be5 18. Na5 Bxb2 19. Rxb2 1-0

[Event "SR 3. liga A2 2007/2008"]
[Site "?"]
[Date "2008.03.16"]
[Round "10"]
[White "Harasta, Juraj"]
[Black "Pagerka, Slavomir"]
[Result "0-1"]
[WhiteElo "1649"]
[BlackElo "1691"]
[PlyCount "50"]
[EventDate "2007.??.??"]

1. e4 e5 2. Nf3 Nc6 3. Bb5 a6 4. Ba4 Nf6 5. O-O d6 6. Re1 Bg4 7. c3 b5 8. Bb3
Be7 9. d3 O-O 10. Be3 d5 11. exd5 Nxd5 12. Qe2 f5 13. Bc1 Kh8 14. h3 Bh5 15.
Bxd5 Qxd5 16. Nbd2 Bf6 17. Qe3 Rad8 18. d4 exd4 19. cxd4 Bxd4 20. Qf4 Bb6 21.
b3 Nd4 22. Bb2 Bxf3 23. Nxf3 Nxf3+ 24. gxf3 Rd6 25. Re5 Qd2 0-1

[Event "SR 3. liga A2 2007/2008"]
[Site "?"]
[Date "2008.03.08"]
[Round "10"]
[White "Doucha, Ludvik"]
[Black "Farkas, Gabor"]
[Result "0-1"]
[WhiteElo "2102"]
[BlackElo "2333"]
[PlyCount "86"]
[EventDate "2007.??.??"]

1. e4 c5 2. c4 Nc6 3. Ne2 Nf6 4. Nbc3 d6 5. d4 cxd4 6. Nxd4 g6 7. Be2 Bg7 8.
Be3 O-O 9. O-O Nxd4 10. Bxd4 Be6 11. f4 Qc8 12. b3 a6 13. Rc1 Ne8 14. f5 Bd7
15. Nd5 Bxd4+ 16. Qxd4 Qd8 17. f6 exf6 18. Nxf6+ Nxf6 19. Rxf6 Be6 20. Rd1 Qa5
21. Rd2 b5 22. cxb5 axb5 23. Rf1 Rfc8 24. Rfd1 Rc6 25. Qf6 b4 26. Qf2 Qc5 27.
Bf3 Qe5 28. Qd4 Qxd4+ 29. Rxd4 Rxa2 30. Rxb4 Rcc2 31. h3 g5 32. Rb5 h6 33. Rxd6
Kg7 34. Kh2 Rab2 35. Rd3 Kf6 36. e5+ Kg7 37. Be4 Re2 38. Bf3 Rf2 39. Re3 h5 40.
Rb4 h4 41. Rd4 Rb1 42. Re2 Rff1 43. g3 Rxf3 0-1

[Event "SR 3. liga A2 2007/2008"]
[Site "?"]
[Date "2008.03.08"]
[Round "10"]
[White "Frank, Jozsef"]
[Black "Sturdik, Igor"]
[Result "1-0"]
[WhiteElo "2166"]
[BlackElo "2020"]
[PlyCount "43"]
[EventDate "2007.??.??"]

1. e4 Nf6 2. Nc3 d5 3. e5 d4 4. exf6 dxc3 5. fxg7 cxd2+ 6. Bxd2 Bxg7 7. c3 Qd5
8. Nf3 Bg4 9. Qa4+ Bd7 10. Qf4 e5 11. Bc4 exf4 12. Bxd5 Nc6 13. Bxf4 O-O-O 14.
O-O-O Ne7 15. Bb3 Ng6 16. Be3 f6 17. Nd4 Rhe8 18. h3 f5 19. Bg5 Bxd4 20. Rxd4
Bc6 21. Bxd8 Rxd8 22. Be6+ 1-0

[Event "SR 3. liga A2 2007/2008"]
[Site "?"]
[Date "2008.03.08"]
[Round "10"]
[White "Krist, Milan"]
[Black "Ivan, Imrich ml"]
[Result "0-1"]
[WhiteElo "2055"]
[BlackElo "2012"]
[PlyCount "78"]
[EventDate "2007.??.??"]

1. d4 e6 2. c4 Nf6 3. Nc3 Bb4 4. Nf3 h6 5. e3 O-O 6. Be2 b6 7. Bd2 Bb7 8. O-O
Bxc3 9. Bxc3 d5 10. Rc1 Nbd7 11. Bb4 c5 12. dxc5 bxc5 13. Ba3 Qb6 14. Qb3 dxc4
15. Bxc4 Qc6 16. Bb5 Qc7 17. Be2 Rfc8 18. h3 Rab8 19. Qc3 Ne4 20. Qc2 Bd5 21.
Ba6 Rd8 22. Bd3 Qb7 23. b3 Rdc8 24. Qe2 Nef6 25. Ba6 Bxf3 26. gxf3 Qd5 27. Bxc8
Rxc8 28. f4 Qf5 29. Kg2 e5 30. Qf3 e4 31. Qe2 Rc6 32. Kh2 g5 33. fxg5 Ne5 34.
gxf6 Nf3+ 35. Qxf3 exf3 36. Bb2 Rd6 37. Rg1+ Kf8 38. Rcd1 Qd7 39. Ba3 Qc7 0-1

[Event "SR 3. liga A2 2007/2008"]
[Site "?"]
[Date "2008.03.08"]
[Round "10"]
[White "Csefalvay, Stefan"]
[Black "Mosny, Jaroslav"]
[Result "1/2-1/2"]
[WhiteElo "1948"]
[BlackElo "2014"]
[PlyCount "54"]
[EventDate "2007.??.??"]

1. d4 Nf6 2. Nf3 d5 3. c4 e6 4. g3 b6 5. Bg2 Bb7 6. O-O Be7 7. Nc3 O-O 8. b3 c5
9. cxd5 exd5 10. Bb2 Nc6 11. e3 Qd7 12. Rc1 Rac8 13. Ne5 Qe6 14. Nf3 h6 15. Re1
Rfd8 16. a3 Ne4 17. Ne2 Bf6 18. Nf4 Qd6 19. Nh5 Na5 20. Nxf6+ Qxf6 21. Re2 c4
22. bxc4 Nxc4 23. Qb3 Na5 24. Qd1 Nc4 25. Qb3 Na5 26. Qd1 Nc4 27. Qb3 Na5
1/2-1/2

[Event "SR 3. liga A2 2007/2008"]
[Site "?"]
[Date "2008.03.08"]
[Round "10"]
[White "Puchart, Vladimir"]
[Black "Vizvari, Ludovit"]
[Result "0-1"]
[WhiteElo "2024"]
[BlackElo "2050"]
[PlyCount "62"]
[EventDate "2007.??.??"]

1. d4 d5 2. c4 e6 3. Nf3 c5 4. cxd5 exd5 5. Nc3 Nf6 6. Bg5 cxd4 7. Nxd4 Be7 8.
e3 O-O 9. Be2 Nc6 10. O-O h6 11. Bh4 Re8 12. Rc1 Be6 13. Bb5 Rc8 14. Nce2 Qb6
15. Qb3 Nxd4 16. Nxd4 Red8 17. Bd3 Qxb3 18. Nxb3 g5 19. Bg3 Ne4 20. Bc7 Rd7 21.
Be5 Rxc1 22. Rxc1 f6 23. Bd4 b6 24. Rc6 Kf7 25. Kf1 Nd6 26. Ba6 Ne8 27. Ke2 Rc7
28. Bb5 Bd7 29. Bxb6 Bxc6 30. Bxc6 Rxc6 31. Bxa7 Rc2+ 0-1

[Event "SR 3. liga A2 2007/2008"]
[Site "?"]
[Date "2008.03.08"]
[Round "10"]
[White "Samko, Karol"]
[Black "Jurik, Michal"]
[Result "0-1"]
[WhiteElo "2085"]
[BlackElo "1903"]
[PlyCount "60"]
[EventDate "2007.??.??"]

1. e4 c5 2. Nf3 g6 3. d4 cxd4 4. Nxd4 Nc6 5. Be3 Bg7 6. c3 Nf6 7. f3 O-O 8. Bc4
Na5 9. Bd3 Nc6 10. O-O d5 11. Nd2 Ne5 12. Bc2 dxe4 13. Nxe4 Nc4 14. Qe2 Nxe3
15. Qxe3 Nd5 16. Qf2 Bh6 17. Rfe1 Qb6 18. Bb3 Rd8 19. Bxd5 Rxd5 20. Nb3 Qd8 21.
Re2 b6 22. f4 Qc7 23. g3 Bb7 24. Rae1 Rad8 25. h4 Bg7 26. Ng5 e6 27. Nf3 Qc6
28. Kh2 $11 Rd1 29. Nbd4 Bxd4 30. cxd4 Rxe1 0-1

[Event "SR 3. liga A2 2007/2008"]
[Site "?"]
[Date "2008.03.08"]
[Round "10"]
[White "Halas, Miroslav"]
[Black "Ivan, Imrich st"]
[Result "0-1"]
[WhiteElo "1946"]
[BlackElo "1870"]
[PlyCount "116"]
[EventDate "2007.??.??"]

1. e4 e6 2. d4 d5 3. exd5 exd5 4. Bd3 h6 5. c4 Bb4+ 6. Nc3 c6 7. Nge2 Nf6 8.
O-O O-O 9. a3 Bxc3 10. bxc3 Re8 11. Qc2 Be6 12. Re1 dxc4 13. Bf5 Bxf5 14. Qxf5
Qd7 15. Qc2 Qd5 16. Bf4 Nbd7 17. Rab1 b5 18. Bg3 Nh5 19. Nf4 Nxf4 20. Bxf4 Re6
21. Re2 Rae8 22. Rbe1 Rxe2 23. Rxe2 Rxe2 24. Qxe2 Qe6 25. Qd2 Nb6 26. f3 Nd5
27. Bb8 Qe3+ 28. Qxe3 Nxe3 29. Bxa7 Nd5 30. Kf2 Nxc3 31. Bc5 f6 32. g4 Kf7 33.
Ke3 g6 34. Kd2 Nd5 35. Bd6 Ke6 36. Bg3 h5 37. h3 Kd7 38. Kc2 f5 39. Be5 fxg4
40. hxg4 hxg4 41. fxg4 Ne3+ 42. Kc3 Nxg4 43. Bf4 Ke6 44. a4 Nf6 45. Be5 Nd5+
46. Kb2 bxa4 47. Ka3 c3 48. Bg7 g5 49. Be5 Kf5 50. Bg3 Ke4 51. Be1 Kxd4 52.
Kxa4 Kc4 53. Ka3 Nb4 54. Bf2 Nd5 55. Ka2 Kd3 56. Kb1 Kd2 57. Bb6 c2+ 58. Ka2
Nxb6 0-1

[Event "SR 3. liga A2 2007/2008"]
[Site "?"]
[Date "2008.03.08"]
[Round "10"]
[White "Bogi, Timea"]
[Black "Klanica, Anton"]
[Result "0-1"]
[WhiteElo "1516"]
[BlackElo "1914"]
[PlyCount "140"]
[EventDate "2007.??.??"]

1. e4 e6 2. Nf3 d5 3. exd5 exd5 4. d4 Bd6 5. Nc3 c6 6. Bd3 Bg4 7. h3 Bh5 8. g4
Bg6 9. Be3 Qb6 10. Rb1 Ne7 11. Nh4 Nd7 12. Nxg6 Nxg6 13. Bxg6 hxg6 14. Qd3 Bb4
15. Kd2 Nf6 16. f3 O-O-O 17. a3 Bxc3+ 18. Qxc3 Qc7 19. Rbg1 Rde8 20. Kd1 Re6
21. Bf2 Qf4 22. Bg3 Qe3 23. Be5 Qxc3 24. bxc3 Ne8 25. Re1 f6 26. Bg3 Rxe1+ 27.
Kxe1 g5 28. Kf2 g6 29. Kg2 Ng7 30. Re1 Kd7 31. Bh2 Ne6 32. Bg3 Re8 33. Kf2 b6
34. Rb1 Rh8 35. Kg2 Kc8 36. Re1 Re8 37. Kf2 Kb7 38. h4 gxh4 39. Bxh4 g5 40. Bg3
Kc8 41. Rh1 Re7 42. Rh8+ Kb7 43. Rb8+ Ka6 44. Rc8 Kb5 45. Bh2 Nf4 46. Rf8 Re2+
47. Kg1 Nh3+ 48. Kh1 Re6 49. Kg2 Nf4+ 50. Bxf4 gxf4 51. Rh8 Kc4 52. Rh6 Kxc3
53. Kf2 Kd2 54. Kf1 b5 55. Rh2+ Kd1 56. Rh6 a5 57. c3 Kd2 58. Kf2 Kd3 59. Rg6
Re2+ 60. Kf1 Ra2 61. Rxf6 Ke3 62. g5 Kxf3 63. Kg1 Rg2+ 64. Kf1 Rxg5 65. Rxc6
Rh5 66. Ke1 Ke3 67. Kf1 Rh1+ 68. Kg2 Ra1 69. Rd6 f3+ 70. Kg3 Rg1+ 0-1

[Event "SR 3. liga A2 2007/2008"]
[Site "?"]
[Date "2008.03.16"]
[Round "10"]
[White "Manak, Jozef"]
[Black "Kovacocy, Pavel"]
[Result "0-1"]
[WhiteElo "2244"]
[BlackElo "2042"]
[PlyCount "48"]
[EventDate "2007.??.??"]

1. e4 c5 2. Nf3 Nc6 3. Bb5 d6 4. O-O Bd7 5. Re1 Nf6 6. c3 a6 7. Bf1 g6 8. d4
Bg7 9. Na3 cxd4 10. cxd4 Bg4 11. Nc2 O-O 12. h3 Bxf3 13. Qxf3 d5 14. e5 Ne8 15.
Qd3 Qb6 16. b3 f6 17. Bb2 fxe5 18. dxe5 Qxf2+ 19. Kh1 e6 20. Re2 Qf5 21. Qg3
Bh6 22. Nd4 Qxf1+ 23. Rxf1 Rxf1+ 24. Kh2 Bf4 0-1

[Event "SR 3. liga A2 2007/2008"]
[Site "?"]
[Date "2008.03.16"]
[Round "10"]
[White "Cechovic, Stefan"]
[Black "Furjel, Andrej"]
[Result "1/2-1/2"]
[WhiteElo "2164"]
[BlackElo "2033"]
[PlyCount "33"]
[EventDate "2007.??.??"]

1. e4 c5 2. Nf3 d6 3. d4 cxd4 4. Nxd4 Nf6 5. Nc3 a6 6. Be2 e5 7. Nb3 Be7 8. O-O
O-O 9. Be3 Be6 10. Bf3 Nbd7 11. Qe2 Rc8 12. Rfd1 Qc7 13. Rd2 b5 14. h3 Nb6 15.
Bxb6 Qxb6 16. Bg4 Qc7 17. Bxe6 1/2-1/2

[Event "SR 3. liga A2 2007/2008"]
[Site "?"]
[Date "2008.03.16"]
[Round "10"]
[White "Mihalik, Anton"]
[Black "Liptak, Tomas"]
[Result "0-1"]
[WhiteElo "1987"]
[BlackElo "1981"]
[PlyCount "56"]
[EventDate "2007.??.??"]

1. e4 c5 2. Nc3 d6 3. g3 Nc6 4. Bg2 g6 5. d3 Bg7 6. Nge2 e6 7. O-O Nge7 8. f4
Nd4 9. Nxd4 Bxd4+ 10. Kh1 h5 11. Ne2 Bg7 12. c3 f5 13. Be3 h4 14. Kg1 Qc7 15.
Qd2 Bd7 16. d4 hxg3 17. hxg3 fxe4 18. Bxe4 Bc6 19. Qd3 O-O-O 20. Kf2 Rh2+ 21.
Ke1 Qb6 22. b3 d5 23. Bf3 Bb5 24. c4 dxc4 25. bxc4 Bc6 26. Bg1 Bxd4 27. Nxd4
Qb4+ 28. Kd1 Ba4+ 0-1

[Event "SR 3. liga A2 2007/2008"]
[Site "?"]
[Date "2008.03.16"]
[Round "10"]
[White "Vagovsky, Jozef"]
[Black "Curidlo, Jan"]
[Result "1-0"]
[WhiteElo "1983"]
[BlackElo "2042"]
[PlyCount "49"]
[EventDate "2007.??.??"]

1. d4 Nf6 2. c4 e6 3. Nf3 d5 4. Nc3 c6 5. e3 Nbd7 6. Bd3 a6 7. O-O Be7 8. Bd2
O-O 9. c5 Qc7 10. Qc2 e5 11. dxe5 Nxe5 12. Nxe5 Qxe5 13. Ne2 g6 14. Bc3 Qc7 15.
Bd4 Be6 16. Ng3 Rac8 17. f4 Ne4 18. f5 gxf5 19. Nxf5 f6 20. Bxe4 dxe4 21. Qxe4
Bxf5 22. Rxf5 Qd7 23. Raf1 Rce8 24. Qg4+ Kh8 25. Rxf6 1-0

[Event "SR 3. liga A2 2007/2008"]
[Site "?"]
[Date "2008.03.16"]
[Round "10"]
[White "Bincik, Pavol"]
[Black "Vlkovic, Pavol"]
[Result "1/2-1/2"]
[WhiteElo "1889"]
[BlackElo "1930"]
[PlyCount "67"]
[EventDate "2007.??.??"]

1. d4 e6 2. c4 f5 3. g3 Nf6 4. Bg2 d5 5. Nf3 c6 6. Qc2 Be7 7. O-O O-O 8. a3 a5
9. Bf4 Ne4 10. c5 g5 11. Bxb8 Rxb8 12. Ne5 Nf6 13. e3 Nd7 14. Nd3 Bf6 15. f4 b6
16. b4 Ba6 17. Rc1 Bxd3 18. Qxd3 bxc5 19. bxc5 Rb5 20. Nc3 Rb3 21. Bf3 Qc7 22.
Bd1 Rb7 23. Rab1 Rfb8 24. Rxb7 Rxb7 25. Rb1 Qb8 26. Rxb7 Qxb7 27. Qb1 Qc7 28.
Ne2 g4 29. Bc2 Bg7 30. Bd3 Nf6 31. Nc3 Nd7 32. Nd1 h5 33. Ba6 Nb8 34. Bd3 $11
1/2-1/2

[Event "SR 3. liga A2 2007/2008"]
[Site "?"]
[Date "2008.03.16"]
[Round "10"]
[White "Liptak, Dusan"]
[Black "Slaby, Jozef"]
[Result "1/2-1/2"]
[WhiteElo "1729"]
[BlackElo "1945"]
[PlyCount "94"]
[EventDate "2007.??.??"]

1. d4 d5 2. c4 Nf6 3. Nf3 e6 4. Nc3 Be7 5. Bg5 O-O 6. e3 Nbd7 7. c5 c6 8. Be2
b6 9. b4 a5 10. a3 Bb7 11. O-O h6 12. Bh4 Re8 13. Qb3 Qc8 14. Rfb1 Ba6 15. cxb6
axb4 16. axb4 Bxe2 17. Nxe2 Nxb6 18. Nd2 Rxa1 19. Rxa1 Qb7 20. b5 Nbd7 21. bxc6
Qxc6 22. Bg3 Ra8 23. Rxa8+ Qxa8 24. f3 Qa3 25. Qxa3 Bxa3 26. Nf4 Nb6 27. Nd3
Nfd7 28. Kf2 Kf8 29. Ne5 Nxe5 30. Bxe5 g6 31. Bf4 $11 h5 32. Ke2 Ke7 33. Kd3 f6
34. g4 hxg4 35. fxg4 Nd7 36. Nf3 Bb2 37. Kc2 Ba3 38. Kd3 Nb6 39. g5 Nd7 40. e4
dxe4+ 41. Kxe4 Kf7 42. gxf6 Nxf6+ 43. Kd3 Ng4 44. Ne5+ Nxe5+ 45. Bxe5 g5 46.
Ke4 Kg6 47. Bg3 Kf6 $11 1/2-1/2

[Event "SR 3. liga A2 2007/2008"]
[Site "?"]
[Date "2008.03.16"]
[Round "10"]
[White "Gono, Michal"]
[Black "Hornak, Pavol"]
[Result "1-0"]
[WhiteElo "1682"]
[BlackElo "1792"]
[PlyCount "77"]
[EventDate "2007.??.??"]

1. d4 Nf6 2. c4 g6 3. Nc3 d5 4. Bf4 Bg7 5. Nf3 O-O 6. e3 c6 7. Rc1 Nh5 8. Bg5
Nf6 9. Be2 Re8 10. Qb3 e6 11. O-O Nbd7 12. Ne5 h6 13. Bh4 g5 14. Bg3 Nxe5 15.
dxe5 Ne4 16. Nxe4 dxe4 17. Rfd1 Qe7 18. c5 f5 19. Rd6 Bf8 20. Rcd1 Qf7 21. R6d2
Bxc5 22. Qc3 Bf8 23. h3 c5 24. Bb5 Re7 25. Qxc5 Rc7 26. Qd4 a6 27. Qa4 Rb8 28.
Be8 Qg7 29. Rd8 b5 30. Qa5 Ra8 31. Bd7 Rc2 32. Rxc8 Rcxc8 33. Bxe6+ Kh8 34.
Bxc8 Rxc8 35. Qxa6 Rc7 36. e6 Ra7 37. Qxb5 Kg8 38. Rd7 Rxd7 39. exd7 1-0

[Event "SR 3. liga A2 2007/2008"]
[Site "?"]
[Date "2008.03.16"]
[Round "10"]
[White "Olos, Stanislav"]
[Black "Gubis, Vladimir"]
[Result "0-1"]
[WhiteElo "1565"]
[BlackElo "1775"]
[PlyCount "94"]
[EventDate "2007.??.??"]

1. e4 c5 2. Nf3 d6 3. Bb5+ Nc6 4. Bxc6+ bxc6 5. O-O Qc7 6. Re1 e5 7. d3 Be7 8.
Nbd2 Nf6 9. Nf1 Rb8 10. Ng3 h5 11. Nh4 Bg4 12. Qd2 g6 13. f4 Nxe4 14. Rxe4 Bxh4
15. b3 O-O 16. f5 d5 17. Qh6 Bf6 18. fxg6 fxg6 19. Qxg6+ Qg7 20. Qxg7+ Bxg7 21.
Ra4 e4 22. Rb1 Bd4+ 23. Rxd4 cxd4 24. dxe4 h4 25. Ba3 hxg3 26. Bxf8 gxh2+ 27.
Kxh2 Rxf8 28. exd5 c5 29. Kg3 Bf5 30. Rc1 Re8 31. Kf4 Bd7 32. g4 Re2 33. Kf3
Re3+ 34. Kf4 Kf7 35. Rh1 Kg6 36. Rh2 Re1 37. Rd2 Re3 38. Rh2 a5 39. Rh5 Re2 40.
d6 Rxc2 41. Rg5+ Kf6 42. Rh5 Ke6 43. Rh6+ Kd5 44. g5 Rf2+ 45. Kg3 Rf7 46. Rf6
Rxf6 47. gxf6 Kxd6 0-1

[Event "SR 3. liga A2 2007/2008"]
[Site "?"]
[Date "2008.03.16"]
[Round "10"]
[White "Sipkovsky, Ivan"]
[Black "Kantor, Tamas st"]
[Result "1/2-1/2"]
[WhiteElo "1897"]
[BlackElo "2059"]
[PlyCount "50"]
[EventDate "2007.??.??"]

1. c4 e5 2. Nc3 Nf6 3. d3 Bb4 4. a3 Bxc3+ 5. bxc3 b6 6. e4 O-O 7. Bg5 h6 8. Bh4
d6 9. Nf3 Bb7 10. Qd2 Nbd7 11. Be2 Nc5 12. Rb1 Ne6 13. O-O Bc6 14. Rfe1 Kh7 15.
Bf1 Rg8 16. Bxf6 Qxf6 17. d4 Ng5 18. Nxg5+ hxg5 19. d5 Bd7 20. Re3 Rh8 21. Rg3
Kg6 22. Be2 Rh4 23. Rf3 Qe7 24. h3 Rah8 25. Rg3 f6 1/2-1/2

[Event "SR 3. liga A2 2007/2008"]
[Site "?"]
[Date "2008.03.16"]
[Round "10"]
[White "Kantor, Reka"]
[Black "Palka, Martin"]
[Result "1-0"]
[WhiteElo "1780"]
[BlackElo "1912"]
[PlyCount "31"]
[EventDate "2007.??.??"]

1. e4 e5 2. Nf3 Nc6 3. d4 exd4 4. Bc4 Be7 5. Nxd4 Ne5 6. Bb3 Bc5 7. Nc3 d6 8.
h3 Qf6 9. Be3 Nh6 10. Qd2 Be6 11. Nxe6 Bxe3 12. Nxc7+ Kd8 13. Qxe3 Rc8 14. N7d5
Qg6 15. O-O-O Re8 16. Qxa7 1-0